Eladio Carrión por álbumes - Statistics

General Stats
  • This quiz has been taken 45 times
  • The average score is 68 of 143
Answer Stats
Answer % Correct
Kemba Walker
77%
Mbappé
77%
3 AM
73%
Betty
73%
¿Cómo? (Skit)
73%
Hielo
73%
Padre Tiempo
69%
Carta a Dios
65%
Carta a Dios 2
65%
Ele Uve
65%
Flores en Anónimo
65%
Gladiador
65%
Hey Lil Mama
65%
Mi Error
65%
Romeo y Julieta
65%
Si la Calle Llama
65%
Vetements
65%
Vida Buena
65%
100 Conmigo
62%
Coco Chanel
62%
Heavyweight
62%
Invencible
62%
Jóvenes Millonarios
62%
La Canción Feliz Del Disco
62%
Mala Mía
62%
4 AM
58%
Broly
58%
E.L.A.D.I.O.
58%
Hola Como Vas
58%
Mama's Boy
58%
Mbappé Remix
58%
Me Gustas Natural
58%
Me Muero
58%
Ohtani
58%
Özil
58%
Toretto
58%
TQMQA
58%
Tu Ritmo
58%
Caras Vemos
54%
El Reggaetón del Disco
54%
Friends
54%
Gladiador Remix
54%
H.I.M.
54%
Mi Error Remix (ft. Lunay)
54%
Peso a Peso (ft. Ñengo Flow)
54%
Sauce Boy Freestyle 4
54%
Sauce Boy Freestyle 5
54%
Si La Calle Llama Remix (ft. Myke Towers)
54%
Socio
54%
Tiffany
54%
Air France
50%
AMG
50%
Branzino
50%
Código G
50%
Cuenta a 10
50%
Cuevita
50%
Guerrero
50%
Luchas Mentales
50%
Mala Mía 2
50%
Mírame
50%
Nena Buena
50%
Sauce Boy Freestyle 3
50%
Sin Frenos
50%
Tata
50%
Todo Lit
50%
Adiós
46%
Bendecido
46%
Call My Line
46%
Cómodo
46%
Discoteca
46%
Don KBRN Freestyle
46%
El Hokage
46%
Friends Remix
46%
Haciendo Dinero
46%
Hp Freestyle
46%
Hugo
46%
Mala Mía Otra Vez
46%
Mami Me Pregunta Si Trapeo
46%
No Te Deseo El Mal
46%
Par De Tenis
46%
Problema
46%
Sigo Enamorau'
46%
Sonrisa
46%
Susanoo
46%
Tanta Droga
46%
Todo o Nada
46%
Cancela To' (Skit)
42%
Cuarentena
42%
Fé, Cojones y Paciencia
42%
Fuego
42%
Hennessy (ft. Cosculluela)
42%
Henny Mood
42%
Huh? (ft. Smokepurpp)
42%
La Fama
42%
Mariposas
42%
Mencionar
42%
Piedras en la Ventana
42%
Quizás, Tal Vez
42%
RKO
42%
Te Dijeron
42%
5 Star
38%
Actriz
38%
Claro Cristal
38%
Coroné
38%
Ele Uve Remix (ft. Noriel)
38%
El Malo
38%
M3
38%
Miradas Raras
38%
Paz Mental
38%
Ponte Linda
38%
Progreso
38%
Rápido (ft. Jon Z & Noriel)
38%
Si Salimos
38%
Touch Your Body
38%
Tranquila Baby
38%
Y U So Cold?
38%
Cheque
35%
Como Sea
35%
La H
35%
Lluvia Remix (ft. Lyanno)
35%
Mami Dijo
35%
Mi Funeral
35%
¿Qué Carajos Quieres Tú Ahora?
35%
Quienes Son Ustedes
35%
Al Capone
31%
Alejarme de Ti
31%
Gastar
31%
Hielo Remix
31%
La Novena
31%
No Me Importa un Carajo
31%
Tu Amor
31%
Corona Freestyle
27%
Especial
27%
Midas
27%
Mosh Pit Musik
27%
Primera Vez
27%
Safe With Me (ft. Lil Mosey)
27%
Vida Buena Remix
27%
Entre Tantas
23%
Molly Con Henny 2
19%
Sin Ti
19%
Ponte Linda Remix
15%
That mother***** Eladio (Skit)
12%
No matching quizzes found
Score Distribution
Percent of People with Each Score
Percentile by Number Answered
Your Score History
You have not taken this quiz